000 00766nam a2200241Ia 4500
003 OSt
005 20220925192730.0
006 a|||||r|||| 00| 0
007 ta
008 220923b |||||||| |||| 00| 0 eng d
037 _cGeneral Book
040 _aRTL
_cRTL
_beng
041 _2eng
_aeng
082 _aX:9N2.2.N7, L6
110 _aIndian school of social science (Calcutta)
_9246205
245 0 _aBonded labor in India
260 _aCalcutta
_bIndia Book Exchange India
_c1976
300 _ax, 136p.LxxxxviP Bib pLxxxix-Lxxxxiv, Appendix p-Lxxxiii
_ccm.
650 _aPersonnal Management
_9233345
700 _aIndian school of social science (Calcutta)
_9246206
942 _hX:9N2.2.N7, L6
_cGB
_2CC
999 _c523207
_d523207